Froufrou (Record no. 159281)

MARC details
000 -LEADER
campo de control de longitud fija 00769nam a22002055i 4500
001 - NÚMERO DE CONTROL
campo de control 159281
003 - IDENTIFICADOR DE NÚMERO DE CONTROL
campo de control ES-MaACL
005 - FECHA Y HORA DE LA ÚLTIMA TRANSACCIÓN
campo de control 20250516163846.0
008 - DATOS DE LONGITUD FIJA--INFORMACIÓN GENERAL
campo de control de longitud fija 040909s1880 fr |||| | fre d
040 ## - FUENTE DE CATALOGACIÓN
Centro catalogador/agencia de origen CAM
Lengua de catalogación spa
Centro/agencia transcriptor CAM
100 1# - ENTRADA PRINCIPAL--NOMBRE DE PERSONA
Nombre de persona Meilhac, Henri.
9 (RLIN) 129795
245 10 - MENCIÓN DEL TÍTULO
Título Froufrou
Resto del título : comédie en cinq actes /
Mención de responsabilidad, etc. par Henry Meilhac et Ludovic Halévy.
250 ## - MENCION DE EDICION
Mención de edición 9e éd.
260 ## - PUBLICACIÓN, DISTRIBUCIÓN, ETC.
Lugar de publicación, distribución, etc. Paris :
Nombre del editor, distribuidor, etc. Calmann Lévy éditeur,
Fecha de publicación, distribución, etc. 1880 (
Lugar de fabricación/manufactura Imprimerie de Lagny :
Fabricante F. Aureau)
300 ## - DESCRIPCIÓN FÍSICA
Extensión 163 p. ;
Dimensiones 19 cm.
500 ## - NOTA GENERAL
Nota general Représentée pour la premiere fois à Paris sur le theátre du Gumnase le 30 octobre 1869.
700 1# - ENTRADA AGREGADA--NOMBRE PERSONAL
Nombre de persona Halévy, Ludovic,
Fechas asociadas al nombre 1834-1908
9 (RLIN) 240505
852 ## - LOCALIZACIÓN
Ubicación ES-MaACL
Número de control de estantería D-2368
Nota libre -- Rust. falto de la cub. posterior
Holdings
Estatus retirado Estado de pérdida Estado de daño No para préstamo Colección Biblioteca de origen Biblioteca actual Ubicación en estantería Fecha de adquisición Fuente de adquisición Total de préstamos Signatura topográfica completa Código de barras Visto por última vez Precio de reemplazo Tipo de ítem Koha
        Libros del s. XIX Biblioteca del Ateneo de Madrid Biblioteca del Ateneo de Madrid Sala Valle Inclán 17/01/2008     D-2368 901166741 23/02/2023 23/02/2023 Libro impreso antiguo